Deutsche Fußball-Nationalspieler 2021 - Statistiken

Allgemein
  • Dieses Quiz wurde 164 mal gespielt
  • Das Durchschnittsergebnis liegt bei 22 aus 37
Antwortstatistiken
Hint Antwort % Korrekt
Tor Manuel Neuer
100%
Tor Marc-André ter Stegen
98%
Mittelfeld Joshua Kimmich
87%
Mittelfeld Thomas Müller
85%
Angriff Serge Gnabry
83%
Angriff Leroy Sané
82%
Abwehr Mats Hummels
82%
Mittelfeld Leon Goretzka
81%
Tor Bernd Leno
79%
Abwehr Antonio Rüdiger
77%
Abwehr Niklas Süle
77%
Angriff Kai Havertz
75%
Angriff Timo Werner
75%
Mittelfeld Jamal Musiala
72%
Mittelfeld Toni Kroos
70%
Mittelfeld İlkay Gündoğan
68%
Abwehr Matthias Ginter
67%
Abwehr Robin Gosens
62%
Abwehr Lukas Klostermann
61%
Abwehr David Raum
60%
Mittelfeld Julian Brandt
57%
Mittelfeld Marco Reus
57%
Mittelfeld Florian Wirtz
55%
Abwehr Christian Günter
52%
Abwehr Jonathan Tah
48%
Abwehr Marcel Halstenberg
48%
Abwehr Emre Can
46%
Mittelfeld Jonas Hofmann
45%
Abwehr Thilo Kehrer
45%
Angriff Karim Adeyemi
40%
Mittelfeld Florian Neuhaus
34%
Angriff Kevin Volland
31%
Angriff Lukas Nmecha
30%
Abwehr Robin Koch
22%
Abwehr Ridle Baku
21%
Mittelfeld Maximilian Arnold
16%
Angriff Amin Younes
5%
Keine übereinstimmenden Quizze gefunden
Verteilung der Resultate
Anzahl Personen mit jedem Resultat
Perzentil nach korrekt beantworteten Fragen
Ihre Resultats-Entwicklung
Sie haben dieses Quiz noch nicht gespielt